[Event "Tarrega Tardor op 1st"]
[Site "Tarrega"]
[Date "2015.11.20"]
[Round "8"]
[White "Angles Roca, Joel"]
[Black "Ramos Perez, Isaac"]
[Result "1-0"]
[WhiteElo "1554"]
[BlackElo "1664"]
[PlyCount "95"]
[EventDate "2015.10.02"]
[EventType "swiss"]
[EventRounds "8"]
[EventCountry "ESP"]
[SourceTitle "CBM 169 Extra"]
[Source "ChessBase"]
[SourceDate "2015.12.18"]
[SourceVersion "1"]
[SourceVersionDate "2015.12.18"]
[SourceQuality "1"]

1. d4 d5 2. c4 Nf6 3. Nf3 dxc4 4. Nc3 Bf5 5. e3 e6 6. Bxc4 Bb4 7. 0-0 Ba5 8. Re1 Be4 9. Bd2 Bxf3 10. Qxf3 c6 11. a3 Bc7 12. Ne2 Qd6 13. Ng3 0-0 14. Bb4 c5 15. Bxc5 Qc6 16. Qxc6 Nxc6 17. Bxf8 Kxf8 18. b4 Ng4 19. f3 Bxg3 20. hxg3 Nf6 21. Kf2 e5 22. d5 Ne7 23. d6 Nc6 24. f4 Rd8 25. b5 Na5 26. fxe5 Nxc4 27. exf6 Re8 28. fxg7+ Kxg7 29. d7 Rd8 30. Rec1 Ne5 31. Rc7 Nxd7 32. Rd1 Ra8 33. Rdxd7 Rf8 34. Rxb7 Kf6 35. Rxa7 Ke6 36. Re7+ Kd5 37. Rxf7 Kc4 38. Rxf8 Kxb5 39. Rf4 Kb6 40. Rxh7 Kc5 41. Rh5+ Kd6 42. Rf6+ Ke7 43. Rb6 Kd7 44. a4 Kc7 45. a5 Kd7 46. Rh7+ Kc8 47. a6 Kd8 48. Rb8# 1-0

[Event "Tarrega Tardor op 1st"]
[Site "Tarrega"]
[Date "2015.11.13"]
[Round "7"]
[White "Cots Valls, Jordi"]
[Black "Ramos Perez, Isaac"]
[Result "1-0"]
[WhiteElo "1850"]
[BlackElo "1664"]
[PlyCount "53"]
[EventDate "2015.10.02"]
[EventType "swiss"]
[EventRounds "8"]
[EventCountry "ESP"]
[SourceTitle "CBM 169 Extra"]
[Source "ChessBase"]
[SourceDate "2015.12.18"]
[SourceVersion "1"]
[SourceVersionDate "2015.12.18"]
[SourceQuality "1"]

1. e4 e5 2. Nf3 Nc6 3. Bc4 Nf6 4. 0-0 Nxe4 5. d4 d6 6. dxe5 dxe5 7. Qe2 Bg4 8. Qxe4 Bh5 9. Nxe5 Qe7 10. Re1 Bg6 11. Nxg6 Qxe4 12. Rxe4+ Ne7 13. Nxh8 Rd8 14. Nc3 Kd7 15. Nxf7 Re8 16. Bf4 g5 17. Nxg5 Bh6 18. Rd1+ Kc8 19. Bf7 Rf8 20. Rxe7 Bg7 21. Rxc7+ Kb8 22. Ne6 Rh8 23. Nxg7 h6 24. Ne8 a6 25. Rdd7 Ka7 26. Be3+ Kb8 27. Rd8# 1-0